书目信息 |
| 题名: |
迈向个性的教育
|
|
| 作者: | 黄晓星 著 | |
| 分册: | ||
| 出版信息: | 广州 广东教育出版社 2002 |
|
| 页数: | 218页 | |
| 开本: | 21cm | |
| 丛书名: | ||
| 单 册: | ||
| 中图分类: | G40-06 | |
| 科图分类: | ||
| 主题词: | CT--S038860--教育学派 , 教育学派--研究--外国 | |
| 电子资源: | ||
| ISBN: | 7-5406-4849-X | |
| 000 | 01141nam0 2200277 45 | |
| 001 | 012002049538 | |
| 005 | 20061121163013.87 | |
| 010 | @a7-5406-4849-X@dCNY14.80 | |
| 100 | @a20020617d2002 em y0chiy0110 ea | |
| 101 | 0 | @achi |
| 102 | @aCN@b440000 | |
| 105 | @aa z 000yy | |
| 200 | 1 | @a迈向个性的教育@9mai xiang ge xing de jiao yu@e一个留英、美学者解读华德福教育@f黄晓星著 |
| 210 | @a广州@c广东教育出版社@d2002 | |
| 215 | @a218页@c彩照@d21cm | |
| 314 | @a黄晓星,中国大陆的第一位学习华德福教育的学者,也是华德福教育亚洲联盟的中国代表之一。著有《迈向个性的教育》等。 | |
| 330 | @a本书从“善、美、真的教育”、“华德福教育的艺术”、“华德福教育在家庭”、“华德福教师的成长历程”、“三元社会秩序和人智学文化”、“教育的未来”六个方面,探讨了华德福教育。 | |
| 510 | 1 | @aEducation Toward Individuality@zeng |
| 517 | 1 | @a一个留英、美学者解读华德福教育@9yi ge liu ying 、 mei xue zhe jie du hua de fu jiao yu |
| 606 | 0 | @2CT@3S038860@a教育学派 |
| 606 | 0 | @a教育学派@x研究@y外国 |
| 610 | 0 | @a华德福教育 |
| 690 | @aG40-06@v4 | |
| 701 | 0 | @a黄晓星@9huang xiao xing@4著 |
| 801 | 0 | @aCN@bNLC@c20061121 |
| 905 | @a10447@dG40-06@e345 | |
| 迈向个性的教育:一个留英、美学者解读华德福教育/黄晓星著.-广州:广东教育出版社,2002 |
| 218页:彩照;21cm |
| ISBN 7-5406-4849-X:CNY14.80 |
| 本书从“善、美、真的教育”、“华德福教育的艺术”、“华德福教育在家庭”、“华德福教师的成长历程”、“三元社会秩序和人智学文化”、“教育的未来”六个方面,探讨了华德福教育。 |
| ● |
| 相关链接 |
|
|
|
|
正题名:迈向个性的教育
索取号:G40-06/345
 
预约/预借
| 序号 | 登录号 | 条形码 | 馆藏地/架位号 | 状态 | 备注 |
| 1 | 0393750 | 203937507 | 第一样本阅览室/ [索取号:G40-06/345] | 在馆 | |
| 2 | 0393751 | 203937516 | 第四借阅区/ [索取号:G40-06/345] | 在馆 | |
| 3 | 0393752 | 203937525 | 第四借阅区/ [索取号:G40-06/345] | 在馆 | |
| 4 | 0393753 | 203937534 | 第四借阅区/ [索取号:G40-06/345] | 在馆 | |
| 5 | 0393754 | 203937543 | 第四借阅区/ [索取号:G40-06/345] | 在馆 |